| 000 | 00425nam a2200181Ia 4500 | ||
|---|---|---|---|
| 001 | 20011 | ||
| 005 | 20260306172734.0 | ||
| 008 | 260306t1962||||xx |||||||||||||| ||spa|| | ||
| 041 | _aESP | ||
| 082 |
_a342.2 _bC12 |
||
| 100 |
_aCabaleiro, Ezequiel _eAUT |
||
| 245 | 0 | _aLos tratados internacionales | |
| 260 | _c1962 | ||
| 300 |
_a231 páginas : _c22 cm. |
||
| 650 | _aGEN | ||
| 654 | _aCDE | ||
| 942 |
_cLIB _dJUS _fJUS _2ddc _n |
||
| 999 |
_c20011 _d20011 |
||